000 00237nam a2200097Ia 4500
001 720929
005 20250826163242.0
008 250824s9999 xx 000 0 und d
245 0 _aSİYAH KAR
_cJULIETTE SOBANET
260 _bARKADYA YAYINLARI
999 _c720929
_d720929